000 002490000a22000970004500
100 1 _aBanyopadhyay, Mridula
245 1 0 _aSalud de la mujer en el sub-continente indio
300 _aNúm 17 (1994), Páginas 14-15
773 0 _tPaso a paso
942 _cANA
999 _c52195
_d52195